Quizzes
Events
Quiz Creation
Community
Videos
Private Events
Remove Ads
Sign In
Join for FREE
Feedback
Dark Mode
Quiz Categories
Sports
Geography
Music
Movies
Television
Just For Fun
Miscellaneous
History
Literature
Language
Science
Gaming
Entertainment
Religion
Holiday
For Kids
Quiz Lab
Recent
Popular Today
Quiz Kudos Today
Editor Picks
Curator Picks
Quizzes by...
Day
Popularity
Type
Ratings
Length
Year
Community
Subscriptions
Recent Discussions
Orange Saloon
Badges
Playlists
Quests
Create
Leaderboards
Showdown
Live 5
Trivia Bingo
Activity
Puzzle Library
Sporcle Events
Private Events
Virtual Trivia
Globe League
Become a Host
Pub Owners
SporcleCon
Opinionation
Our Games
Videos
Blog
Mobile Apps
Partnerships
Remove Ads and Go Orange
Feedback
Music
Pop Music
The Beatles
Song
Album
Lyrics
Bands
Singers
Artist
Clip
Rock
Rap
Classical
Billboard
Country Music
Kpop
Taylor Swift
Music
Pop Music
The Beatles
Song
Album
Lyrics
Bands
Singers
Artist
Clip
Rock
Rap
Classical
Billboard
Country Music
Kpop
Taylor Swift
Random Quiz
Search Sporcle
×
Quiz Lab
Quiz Lab
Music
Song
Type in answers that appear in a list
Type in answers that appear in a list
Classic
Best Score? Go Orange.
Breaking Benjamin Songs Stats
Can you name the Breaking Benjamin Songs?
By
BadenMcAwesome
5m
51 Questions
100 Plays
100 Plays
100 Plays
Comments
Comments
Give Quiz Kudos
Give Quiz Kudos
-
- Ratings
hide this ad
Replay
Link that replays current quiz
Next Quiz
Link to next quiz in quiz playlist
You Got
0%
They Got
Avg Score
53%
Avg Friend Score
Upgrade to see
Score Distribution
Jump to the score distribution portion of the page
Score
0/51
Timer
05:00
0
Plays Today
Song
% Correct
Dear Agony
86%
Diary Of Jane
85%
Diary Of Jane
85%
I Will Not Bow
80%
Breath
76%
So Cold
75%
Polyamorous
68%
You
65%
Rain
65%
Rain
65%
Blow Me Away
62%
Dance With The Devil
61%
Crawl
61%
Anthem Of The Angels
61%
Water
60%
Until The End
59%
Evil Angel
59%
Lights Out
59%
Sooner or Later
58%
Had Enough
56%
Give Me A Sign
56%
Medicate
55%
Firefly
55%
Unknown Soldier
54%
Hopeless
54%
Without You
53%
Song
% Correct
You Fight Me
52%
Breakdown
52%
Fade Away
51%
Into The Nothing
51%
Skin
50%
What Lies Beneath
49%
Home
46%
Topless
45%
Outro
45%
Away
44%
Wish I May
43%
Intro
42%
Simple Design
42%
Phase
41%
Shallow Bay
40%
Sugarcoat
37%
Follow Me
37%
Forget It
37%
Here We Are
35%
Next To Nothing
34%
Natural Life
34%
Forever
34%
Break My Fall
34%
No Games
32%
Believe
31%
Quiz Playlist
Details
Report
Send in Message
Add To Playlist
Classic:
Type in answers that appear in a list
Last Updated: Feb 16, 2017
Quiz Scoreboard
CHALLENGE
Sign Up to Join the Scoreboard
Show All
Scores
Hide
Comments
May contain spoilers
Recently Published
College Basketball Coaching Resumes
by pancakes188
Sports
9m
Billboard Blitz: Fleetwood Mac
by CooCooCachoo
Music
15s
Presidents Visiting Landmarks
by Hejman
History
7m
More to Explore
Quiz From the Vault
Featured Blog Post
Where Did the Easter Bunny Come From?
hide this ad
You Might Also Like...
Tags
Song Quiz
benjamin
Breaking
Breaking Benjamin
Today's Top Quizzes in Music
Browse Music
hide this ad
Today's Top Quizzes in Song
Browse Song
Top Contributed Quizzes in Music
1
Taylor Swift All Songs (2024)
2
7-to-1: Billboard Hot 100 #1 Hits of 2010s
3
Guess the Artist- 70s Songs
4
Sorting Albums and Songs
5
Taylor Swift Logic Puzzle
6
KPOP LOGIC QUIZ
7
Guess the Taylor Swift song (Mystery Song)
8
2010s Album by Cover III
9
One Thing in Common: Music
10
Guess The Taylor Swift Lyrics Song #1
Explore More
Trending Topics
Disney
Anime
Crossword
Kpop
Harry Potter
NBA
Marvel
Pokémon
Soccer
Song
WWE
Country
The Office
Puzzle
NFL
hide this ad
More By:
BadenMcAwesome
Quiz
Plays
Rating
Category
Featured
Created
Secondary Weapons on MW2
367
2.50
Gaming
Mar 5, 2010
Modern Warfare 2 Grab Bag With Stimulus
346
2.75
Gaming
Mar 5, 2010
Breaking Benjamin Albums
229
5.00
Music
Mar 28, 2010
Modern Warfare 2 Weapon Attachments
216
1.00
Gaming
Mar 5, 2010
Hill, Cera, and/or Rogen Movies
190
2.50
Movies
Jun 6, 2010
Go to Creator's Profile
Score Distribution
Quiz Creator Spotlight
BadenMcAwesome
Follow
Send a Message
Quizzes Created
-
Created Quiz Play Count
-
More By This Creator
Popular Quizzes Today
1
Find the US States - No Outlines Minefield
2
Find the Countries of Europe - No Outlines Minefield
3
The Countries of the World
4
Find the US States
5
Risky Map Clicking: Biggest States A-Z
6
US States
7
Popular People in 1961
8
Movies - When Are They Set?
More Music Quizzes
Star Wars Versions of Famous Album Covers
Curator's Pick
Trending Quizzes
Risky Map Clicking: Least Populous States A-Z
1-10 Letter G Words
1-10 Letter F Words
Risky Map Clicking: Next State Alphabetically
Risky Map Clicking: Biggest States A-Z
Recently Updated
Leaping Animals
pecheneg
Reality TV Shows (A-Z)
bhenderson79
Rickey Henderson's Hall of Fame Teammates
pecheneg
Champions League XIs: Arsenal
pecheneg
Quick Pick: Celebrities in WWE's Hall of Fame
aduchscher
A-Z Keypad Blitz II
pecheneg
Multiple Oscar Actors
pecheneg
Mystery Phrase Blitz: Oscar 'Best Actors'
pecheneg
F. Scott Fitzgerald Novels
LTH
Pick 3 Villains
ddd62291
Trending Topics
Harry Potter
Marvel
Anime
Disney
Kpop
NBA
Crossword
WWE
Song
Pokémon
The Office
Puzzle
Soccer
Country
NFL
Your Account Isn't Verified!
In order to create a playlist on Sporcle, you need to verify the email address you used during registration. Go to your
Sporcle Settings
to finish the process.
Report this User
Report this user for behavior that violates our
Community Guidelines
.
Details:
Send Report
Go to the Sporcle.com Mobile Site →
Comments